História crítica da literatura portuguesa (Registo nº 201975)
[ vista simples ]
| 000 -Etiqueta do registo | |
|---|---|
| Valores | 01244nam 22002773 4500 |
| 010 ## - Número ISBN | |
| ISBN | 972-22-1959-8 (vol. II) |
| 010 ## - Número ISBN | |
| ISBN | 972-22-1563-9 (vol. V) |
| 010 ## - Número ISBN | |
| ISBN | 972-22-1703-8 (vol. VII) |
| 021 ## - Número do Depósito Legal | |
| Código do país | Portugal |
| Número | 140697/99 (vol. II) |
| 021 ## - Número do Depósito Legal | |
| Código do país | Portugal |
| Número | 138027/99 (vol. V) |
| 021 ## - Número do Depósito Legal | |
| Código do país | Portugal |
| Número | 93002/95 (vol. VII) |
| 100 ## - Dados gerais de processamento | |
| Dados gerais | 20260427d u||y0pory50 ba |
| 200 ## - Titulo e menção de responsabilidade | |
| Título próprio | História crítica da literatura portuguesa |
| Primeira menção de responsabilidade | direcção de Carlos Reis |
| Outras menções de responsabilidade | José Augusto Cardoso Bernardes...[et. al] |
| 210 ## - Publicação | |
| Local de publicação | [Lisboa] |
| Nome do editor | Verbo |
| Data de publicação | imp. 1995- |
| 215 ## - Descrição física | |
| Paginação / Volumes | vols. |
| Outras indicações físicas | brochado |
| Dimensões | 24 cm |
| 300 ## - Notas gerais | |
| Texto da nota | a o obra é composta por 9 volumes. Só há 3 volumes. |
| 327 ## - Nota de conteúdo | |
| Texto da nota | vol. II: Humanismo e Renascimento / José Augusto Cardoso Bernardes. - imp. 1999. - 468, [2] p.<br/>vol. IV: O Romantismo / Carlos Reis, Maria da Natividade Pires. - 2ª edição. - imp. 1993. - 408, [4] p.<br/>vol. VII: Do fim-de-século ao modernismo / José Carlos Seabra Pereira. - imp. 1995. - 460, [4] p.<br/> |
| 606 ## - Nome comum usado como assunto | |
| ID Autoridade | 3661 |
| Palavra de ordem | Crítica Literária.Estudos Literários |
| 675 ## - CDU | |
| Notação | 82.09 |
| Edição | PT |
| Língua | por |
| 701 ## - Co-autor principal (pessoa individual) | |
| ID Autoridade | 8862 |
| Apelido | Reis |
| Nome | Carlos |
| Datas | 1950- |
| 702 ## - Autor secundário (pessoa individual) | |
| ID Autoridade | 6985 |
| Apelido | Bernardes |
| Nome | José Augusto Cardoso |
| Datas | 1958- |
| 801 ## - Fonte de origem | |
| País | PT |
| Agência | BMMN |
| Regras de catalogação | RPC |
| 830 ## - Notas gerais do catalogador | |
| Criado por | Vanda |
| 990 ## - Elementos KOHA | |
| Tipo de documento | Livro |
| Situação do levantamento | Biblioteca de origem | Código de barras | Cota | Permissão de empréstimo | Tipo de documento | Forma de aquisição |
|---|---|---|---|---|---|---|
| Biblioteca Municipal de Montemor-o-Novo | 31374 | 82.09 HIS|DEP (vol. II) | Livro | Compra | ||
| Biblioteca Municipal de Montemor-o-Novo | 31375 | 82.09 HIS|DEP (vol. V) | Livro | Compra | ||
| Biblioteca Municipal de Montemor-o-Novo | 31376 | 82.09 HIS|DEP (vol. VII) | Livro | Compra |